Statistics for FIFA CAF Members by Badge

Click here to take the quiz!

General Stats

  • This quiz has been taken 120 times
  • The average score is 42 of 55

Answer Stats

Answer% Correct
Tunisia
100%
Ethiopia
96%
Egypt
95%
Togo
93%
Algeria
91%
Mauritania
91%
Cameroon
90%
Ghana
90%
Mali
90%
Ivory Coast
89%
Senegal
89%
Burkina Faso
88%
Liberia
88%
Morocco
88%
Sierra Leone
88%
Rwanda
86%
DR Congo
85%
Gabon
85%
Gambia
85%
Guinea
85%
Equatorial Guinea
84%
South Sudan
84%
Sudan
84%
Tanzania
84%
Central African Republic
83%
Cape Verde
81%
Rep. Congo
81%
Chad
80%
Eritrea
79%
Malawi
79%
Zimbabwe
79%
Nigeria
76%
Comoros
75%
Zambia
74%
Djibouti
73%
Somalia
73%
Madagascar
71%
Mozambique
71%
Libya
69%
Niger
69%
Uganda
69%
Angola
68%
Lesotho
68%
Seychelles
65%
Kenya
64%
Réunion
64%
Botswana
61%
South Africa
60%
Burundi
59%
Benin
58%
Eswatini
56%
Guinea-Bissau
56%
Namibia
55%
Mauritius
53%
São Tomé and Príncipe
50%

Score Distribution

Percentile by Number Answered

Percent of People with Each Score

Your Score History

You have not taken this quiz